Democracia en las sociedades plurales: una investigación comparativa

Uloženo v:
Podrobná bibliografie
Hlavní autor: Lijphart, Arend (autor)
Médium: Kniha
Jazyk:španělština
Vydáno: Buenos Aires GEL 1989
Edice:Estudios Políticos y Sociales
Témata:
Tagy: Přidat tag
Žádné tagy, Buďte první, kdo vytvoří štítek k tomuto záznamu!

MARC

LEADER 00000nam a2200000 a 4500
001 UCO8005
003 CL-VaPUC
008 001124e19890000AG |||||||||||||||||spa|d
082 0 4 |a 321.8  |b LIJ  |2 21 
100 |a Lijphart, Arend  |e autor  |9 553301 
245 1 0 |a Democracia en las sociedades plurales: una investigación comparativa 
300 |a 278 p 
942 |c BK 
945 |d 20001124 00:00:00  |a crobeson 
260 |a Buenos Aires  |b GEL  |c 1989 
500 |a Donación del profesor Manfred Wilhelmy von Wolff 
650 0 |a Democracia  |9 255256 
650 0 |a Partidos políticos  |9 254999 
650 7 |a TERCER MUNDO  |2 CL-VaPUC  |9 343226 
650 0 |a Estabilidad política  |9 320627 
583 |a last modification  |c 20001124 00:00:00  |k Rodrigo Vera 
490 0 |a Estudios Políticos y Sociales 
999 |c 292817  |d 292815 
952 |0 0  |1 0  |4 0  |6 321_800000000000000_LIJ_1989  |7 0  |8 A  |9 343890  |a BIBHIS  |b BIBHIS  |d 2019-11-20  |i 1235230  |o 321.8 LIJ 1989  |p 1235230  |r 2025-01-20  |w 2019-11-20  |y BK  |k HIS